000 01065cam a22003497a 4500
003 CHAP
005 20230317181040.0
008 050819d2003 ag a r 00110 spa d
010 _a90714
011 _a91686
020 _a9502410327
035 _a102247
040 _cCHAP
082 0 4 _a594.3
_bB3
100 0 0 _aBarbado, José Luis.
_910086
245 1 0 _aCría de caracoles y moluscos marinos
_c/por José Luis Barbado
260 _aBuenos Aires :
_bAlbatros
_c2003
300 _a190 p. :
_bilus
490 0 _aMicroemprendimientos
590 _aBATCH-UPD
_b10
_c20130110
_lUCH01
_h1824
590 _aBATCH-UPD
_b10
_c20130410
_lUCH01
_h1157
590 _aBATCH-UPD
_b10
_c20130914
_lUCH01
_h0536
590 _aCONVERSION
_b10
_c20130109
_lUCH01
_h1350
650 1 4 _aCaracoles.
_918764
650 1 4 _aEmpresas.
_936635
650 1 4 _aMoluscos.
_977447
830 0 0 _aMicroemprendimientos (Albatros)
_975511
901 _aBK
905 _aElisama A. H.
942 _cLIBRO
949 _a594.3 B3
_bBC
_cLIBRO
_d33724000974572
_eLIBRO
_gI.c/e
_h106383
_i102247
_sb
_t$97.00
999 _c90714
_d90714